• AIU
  • Tony Wilmot Memorial Library

Athawali Ahahu a Iziraeli: Daudi Sauli na Selemani : (Record no. 45317)

MARC details
000 -LEADER
fixed length control field 00859nam a22002177a 4500
003 - CONTROL NUMBER IDENTIFIER
control field OSt
005 - DATE AND TIME OF LATEST TRANSACTION
control field 20110718134507.0
008 - FIXED-LENGTH DATA ELEMENTS--GENERAL INFORMATION
fixed length control field 100403t xxu||||| |||| 00| 0 eng d
020 ## - INTERNATIONAL STANDARD BOOK NUMBER
International Standard Book Number 9966000054
040 ## - CATALOGING SOURCE
Original cataloging agency NEGST Library - Kenya
Transcribing agency NEGST Library - Kenya
Modifying agency NEGST Library - Kenya
050 14 - LIBRARY OF CONGRESS CALL NUMBER
Classification number BS 325.G57
Item number A85 2003
245 ## - TITLE STATEMENT
Title Athawali Ahahu a Iziraeli: Daudi Sauli na Selemani :
Remainder of title The three kings: David, Saul and Solomon; Giryama language, Kenya /
Statement of responsibility, etc translator: Magundo Shukurani.
260 ## - PUBLICATION, DISTRIBUTION, ETC. (IMPRINT)
Place of publication, distribution, etc Nairobi, Kenya :
Name of publisher, distributor, etc BTL (E.A.),
Date of publication, distribution, etc c2003.
300 ## - PHYSICAL DESCRIPTION
Extent 9 p.
440 ## - SERIES STATEMENT/ADDED ENTRY--TITLE
Title Giryama shell book.
9 (RLIN) 2873
500 ## - GENERAL NOTE
General note T.p. verso: "Illustrations are adapated from Look, listen and live Bible stories."
650 ## - SUBJECT ADDED ENTRY--TOPICAL TERM
Topical term or geographic name as entry element Bible stories, Giryama
General subdivision O.T.
9 (RLIN) 2874
650 ## - SUBJECT ADDED ENTRY--TOPICAL TERM
Topical term or geographic name as entry element Giryama language
General subdivision Readers.
9 (RLIN) 2875
700 1# - ADDED ENTRY--PERSONAL NAME
Personal name Shukurani, Magundo.
Relator term tr.
9 (RLIN) 2876
942 ## - ADDED ENTRY ELEMENTS (KOHA)
Source of classification or shelving scheme Library of Congress Classification
Koha item type Books
Holdings
Withdrawn status Lost status Source of classification or shelving scheme Damaged status Not for loan Collection code Home library Current library Shelving location Date acquired Source of acquisition Total Checkouts Full call number Barcode Date last seen Copy number Price effective from Koha item type
    Library of Congress Classification     General Circulation AIU/NEGST - Tony Wilmot Memorial Library AIU/NEGST - Tony Wilmot Memorial Library General Stacks 04/03/2010 BTL   BS 325.G57A85 2003 R40781Y3232 09/26/2019 1 04/03/2010 Books